000 00722nam a2200253Ia 4500
003 OSt
005 20220918204817.0
006 a|||||r|||| 00| 0
007 ta
008 220917b |||||||| |||| 00| 0 eng d
024 _a114,191
037 _cTextual
040 _aARTS
_cARTS
_beng
041 _2eng
_aeng
082 _aV55:594.N18<-M88, M7
100 _aHerwig Holger H
_9113151
245 0 _aLuxury fleet
_b The imperial German navy 1888-1918
260 _aLondon
_bAshfield Press
_c1987
300 _axiv, 316p.
_ccm.
500 _aAppendix p258-259; Includex Index
650 _aHISTORY
942 _hV55:594.N18<-M88, M7
_cTEXL
_2CC
999 _c237522
_d237522